02394cam a22003733a 450000100060000000300080000600500170001400800390003103500190007004000270008904100080011608200160012424500270014024600250016726000100019230000280020250000630023050000360029350005100032950000440083952006630088358000740154665000100162065500480163065500290167870000390170770000230174670000250176970000180179470000610181271000520187371000210192571000740194618888BD-RjUL20211209000342.0140222s1957 xx 000 0deng a(BD-RjUL)18946 aDLCcDLCbengdBD-RjUL aeng a822.33bTRO00aTroilus and Cressida /14aPlays of Shakespeare c1957. a1 v. (theater program). aNational Theatre, week beginning Monday, January 28, 1957. aTitle devised by Library staff. aCast: Keith Taylor, Jack Gwillim, Jeremy Brett, Ronald Allen, Timothy Parkes, Bryan Pringle, Denis Holmes, James Villiers, Paul Rogers, Aubrey Morris, John Greenwood, Coral Browne, Jennifer Wilson, Margaret Courtenay, Rosemary Harris, Rupert Davies, Edward Harvey, Richard Wordsworth, Job Stewart, Ernest Hare, Charles Gray, Derek New, Donald Homer, John Neville, John Woodvine, Peter Needham, Peter Bowles, Graeme Campbell, John Flint, Fraser Kerr, Tom Kneebone, Daniel Moynihan, Alan Penn, Charles West. aLC copy shelved under: Richard II.5DLC aNational Theatre, Louis A. Lotito, managing director, Old Vic Trust Ltd. and the Arts Council of Great Britain present under the management of S. Hurok, The Old Vic Company, director Michael Benthall, administrative director Alfred Francis with Paul Rogers, Claire Bloom, John Neville, Coral Browne, Rosemary Harris, Richard Wordsworth, Jack Gwillim, Ernest Hare, Wynne Clark in The plays of Shakespeare: "Troilus and Cressida," by William Shakespeare, directed by Tyrone Guthrie, costumes and decor by Frederick Crooke, music composed by Frederick Marshall, fights arranged by Bernard Hepton and John Greenwood, orchestra under the direction of Arthur Lief. aIn: Richard L. Coe Theater Programs Collection (Library of Congress). aDrama 7aTheater programszWashington (D.C.)2rbgenr 7aTheater programs2rbgenr1 aGuthrie, Tyrone,cSir,d1900-1971.1 aCrooke, Frederick.1 aMarshall, Frederick.1 aLief, Arthur.1 aShakespeare, William,d1564-1616.tTroilus and Cressida.2 aNational Theatre Corporation (Washington, D.C.)2 aOld Vic Company.2 aRichard L. Coe Theater Programs Collection (Library of Congress)5DLC